header

Graphene and its fascinating attributes (Record no. 229482)

MARC details
000 -LEADER
fixed length control field 01423nam a2200337 a 4500
245 00 - TITLE STATEMENT
Title Graphene and its fascinating attributes
260 ## - PUBLICATION, DISTRIBUTION, ETC. (IMPRINT)
Place of publication Singapore ;
-- Hackensack, N.J. :
Name of publisher World Scientific,
Year of publication c2011.
300 ## - PHYSICAL DESCRIPTION
Number of Pages xv, 270 p. :
Other physical details ill.
500 ## - GENERAL NOTE
General note "In November 2009, we had a successful India-Japan bilateral meeting on graphene at the JNCASR, Bangalore India"--Preface.
650 #0 - SUBJECT ADDED ENTRY--TOPICAL TERM
Topical Term Graphene
700 1# - ADDED ENTRY--PERSONAL NAME
Personal name Pati, Swapan K.
Personal name Enoki, Toshiaki.
Personal name Rao, C. N. R.
856 40 - ELECTRONIC LOCATION AND ACCESS
Uniform Resource Identifier http://site.ebrary.com/lib/rucke/Doc?id=10493519

No items available.

© 2026 Rongo University
Contact us: librarian | system librarian | Rongo university